[Event "American Continental 2nd"]
[Site "Buenos Aires"]
[Date "2003.08.27"]
[Round "9"]
[White "Shulman, Yuri"]
[Black "Krush, Irina"]
[Result "1-0"]
[WhiteElo "2559"]
[BlackElo "2449"]
[Annotator "Huzman,A"]
[PlyCount "61"]
[EventDate "2003.08.17"]
[EventType "swiss"]
[EventRounds "11"]
[EventCountry "ARG"]
[SourceTitle "CBM 097"]
[Source "ChessBase"]
[SourceDate "2003.11.11"]
[SourceVersion "1"]
[SourceVersionDate "2003.11.11"]
[SourceQuality "1"]

1. d4 d5 2. c4 dxc4 3. Nf3 Nf6 4. Nc3 a6 5. e4 b5 6. e5 Nd5 7. a4 e6 8. axb5
Nb6 9. Be2 Be7 (9... Bb7 10. O-O axb5 (10... Qd7 11. bxa6 Rxa6 12. Be3 Be7 13.
Qc2 Rxa1 14. Rxa1 Na6 15. Na4 Nb4 16. Qd1 Nd3 17. Nxb6 cxb6 18. b3 $16 {
1/2-1/2 Chuchelov,V-Bosch,J/Dieren 1997/EXT 98 (78)}) 11. Rxa8 Bxa8 12. Nxb5
Be7 (12... Qd7 13. Na3 Bd5 14. Qc2 Bxa3 15. bxa3 Nc6 16. Rd1 Bxf3 17. Bxf3 Nxd4
18. Qe4 Nxf3+ 19. Qxf3 Qa4 $11 {1/2-1/2 Nielsen,P-Kumaran,D/Copenhagen 1996/
CBM 55 (34)}) 13. b3 cxb3 14. Qxb3 O-O 15. Ba3 Nc6 16. Rc1 Nd5 17. g3 Qd7 18.
Bxe7 Ncxe7 $11 {0-1 Rasmussen,P-Pedersen,D/DEN 1996/CBM 51 ext (39)}) 10. O-O (
10. h4 Bb7 11. Bg5 O-O 12. Qd2 Qd7 13. Rh3 Bxg5 14. hxg5 Nd5 15. Bxc4 Nxc3 16.
bxc3 axb5 17. Rxa8 Bxa8 18. Qd3 g6 19. Bxb5 $18 {1-0 Ramesh,R-Ganguly,S/
Calcutta 1998/CBM 62 ext (32)}) (10. Be3 O-O 11. Qc2 Bb7 12. O-O Qd7 13. bxa6
Nxa6 14. Na4 Nb4 15. Nxb6 cxb6 16. Qd2 b5 $17 {0-1 Caramia,J-Dos Santos,R/
Villa Ballester 2003/CB06 (28)}) 10... O-O (10... Bb7 11. bxa6 (11. Be3 O-O 12.
bxa6 (12. Nd2 axb5 13. Nxb5 Rxa1 14. Qxa1 Qd5 15. Bf3 Qxb5 16. Bxb7 c6 17. Qa7
Nd5 $17 {0-1 Burgess,G-Varga,Z/Halkidiki 2002/CBM 92 no vc (24)}) 12... Rxa6 (
12... Bxa6 13. Qb1 Nc6 14. Ne4 h6 15. Rc1 Nb4 16. Nc5 Bb5 17. b3 $16 {1/2-1/2
Ikonnikov,V-Flear,G/Creon 1997/EXT 2001 (42)}) 13. Rb1 (13. Rc1 Nc6 14. b3 cxb3
15. Qxb3 Ra3 16. Qb1 Nb4 17. Nb5 Ra2 18. Rfe1 Rxe2 19. Rxe2 Ba6 20. Rb2 Bxb5
21. Rxb4 Bxb4 22. Ng5 $1 $16 {1-0 Landa,K-Sulava,N/Oberwart 1996/CBM 53 ext 
(45)}) 13... Nc6 14. b3 Ra3 15. Bxc4 Nxc4 16. bxc4 Rxc3 17. Rxb7 Rxc4 18. Qb1
Rb4 19. Rxb4 Nxb4 $11 {1/2-1/2 Cebalo,M-Sulava,N/Milan 1996/EXT 98 (31)}) (11.
b3 axb5 12. Rxa8 Bxa8 13. Nxb5 cxb3 14. Qxb3 O-O 15. Bd2 Bd5 16. Qc2 Nc6 17.
Rb1 Qd7 $11 {1-0 Menk,R-Putzbach,G/Pinneberg 2000/EXT 2001 (58)}) 11... Rxa6
12. Rxa6 Nxa6 13. Na4 (13. Be3 O-O 14. Nd2 c5 (14... Qa8 15. f3 Rd8 16. Qc1 c5
17. dxc5 Nxc5 (17... Bxc5 18. Bxc5 Nxc5 19. Nxc4 Nxc4 20. Bxc4 Ba6 $44 {
1/2-1/2 Krizsany,L-Somlai,L/HUN t-ch 1997 (26)}) 18. Nxc4 Nxc4 19. Bxc4 Nd7 20.
Bd4 Qc8 21. Na4 Nc5 22. Bxc5 Bxc5+ 23. Nxc5 Qxc5+ 24. Kh1 Qxe5 $11 {1/2-1/2
Orsag,M-Jackova,J/CZE 2000/EXT 2001 (59)}) 15. Nxc4 Nxc4 16. Bxc4 cxd4 17. Qxd4
Qxd4 18. Bxd4 $16 {0-1 Van Wely,L-Miles,A/London 1995/CBM 49 ext (55)}) (13.
Bxc4 Nxc4 14. Qa4+ Qd7 15. Qxc4 Nb4 $44 {0-1 Tabernig,B-Stevic,H/Montecatini
Terme 1997/CBM 61 ext (84)}) (13. Nd2 Qxd4 14. Nxc4 Qxd1 15. Rxd1 Nxc4 16. Bxc4
O-O {1/2-1/2 Tyomkin,D-Lesiege,A/Montreal 2000/CBM 79 (16)}) 13... Qd5 14. Ne1
Qc6 15. Nxb6 cxb6 16. Bf3 Qd7 17. b3 cxb3 18. Qxb3 Bxf3 19. Nxf3 Nb4 $11 {
1/2-1/2 Van Wely,L-Miles,A/Matanzas 1995/CBM 48 (25)}) 11. Be3 Qd7 (11... axb5
12. Rxa8 Nxa8 13. Nxb5 Nb6 14. Qc2 Nc6 15. Qe4 $1 Nb4 16. Qg4 $1 f5 $1 17. exf6
Bxf6 18. Rd1 N4d5 19. Qe4 $14 {1/2-1/2 Najer,E-Sulskis,S/Linares 2001/CBM 81/
[Huzman] (19)}) 12. bxa6 Rxa6 (12... Nxa6 13. Nd2 Bb7 14. Nxc4 Nxc4 15. Bxc4
Qc6 16. Qf3 $16) (12... Bxa6 $5 13. Ne4 Nc6 $14) 13. Qc2 Nc6 (13... Bb7 $142 {
By this move was possible to prevent transfer Qc2 to g4.}) 14. Qe4 $1 Rxa1 15.
Rxa1 Bb7 16. Qg4 $36 {>>} Kh8 (16... f5 17. exf6 Bxf6 (17... Rxf6 18. d5 Nxd5
19. Nxd5 Qxd5 20. Bxc4 $16 {[%csl Re6]}) 18. Ne4 $16 {[%csl Rb7,Re6][%cal
Ge4c5]}) 17. Ne4 Ba8 {Black were afraid of penetration Ne4 to c5.Now Ne4 will
take part in the attack on the king's side where White have large outnumber in
pieces.But even this does not guarantee full success of the attack.} (17... Nb4
18. Nc5 (18. Neg5 Bxf3 19. Bxf3 Bxg5 20. Bxg5 N6d5 21. Be4 f5 $132) 18... Bxf3
19. Bxf3 Bxc5 (19... Qb5 20. Be4 N6d5 21. Qh3 $18) 20. dxc5 N6d5 21. Qxc4 Rb8
$16 (21... Nxe3 22. Qxb4 Nc2 23. Qa4 $18)) 18. Neg5 Nb4 (18... h6 19. Ne4 (19.
Qh5 Kg8 20. Nh3 $36) 19... Nb4 20. Nf6 $40) 19. h4 (19. Qh5 Bxg5 20. Nxg5 h6
21. Nh3 Kh7 $14 (21... Nc2 22. Bxh6 $40 Nxa1 $140 23. Bd2+ Kg8 24. Ng5 $18))
19... h6 20. Qh5 Kg8 21. Nh3 Nc2 $6 (21... N4d5 $1 22. Bxh6 (22. Bd2 Qb5 $132)
22... gxh6 23. Qxh6 f6 24. Qg6+ $11) 22. Bxh6 $1 {[%mdl 704]} Nxa1 $2 (22...
gxh6 23. Qxh6 Nxd4 24. Nxd4 Qxd4 25. Ra3 Bxa3 26. Qg5+ $11) 23. Qg4 g6 24. h5
Nb3 (24... Rb8 25. hxg6 f5 26. Qh5 Bf8 27. Bxf8 Bxf3 28. Bxf3 Rxf8 29. Ng5 Nb3
30. Nxe6 $18 Nxd4 $140 31. g7 $18) (24... Re8 25. hxg6 f5 26. Qh5 Bd8 (26...
Bxf3 27. Bxf3 Bd8 (27... Bf8 28. Bc6 $1 Qxc6 29. Bxf8 Kxf8 30. Qh7 Qd7 31. Qh8+
Ke7 32. Qf6#) 28. Bc6 Qxc6 29. Bg7 $1 $18) 27. Nfg5 $1 Nc2 28. g7 Re7 29. Qg6
Rxg7 30. Bxg7 Qxg7 31. Qxe6+ Kh8 32. Qe8+ Qg8 33. Qh5+ Kg7 34. Nf4 $1 $18) 25.
hxg6 f6 $2 (25... f5 $142 26. Qh5 Bb4 27. Bg5 $1 Bxf3 (27... Qg7 28. Bf6 (28.
Bh6 $11) 28... Bxf3 29. Bxf3 Rxf6 30. exf6 Qxf6 31. Qh7+ Kf8 32. Nf4 $1 {
/\33.g7 +-} Nxd4 33. Nh5 Nxf3+ 34. gxf3 Qg5+ 35. Kh1 Qh4+ 36. Kg2 Qg5+ 37. Kh3
$18) 28. Bxf3 Nxd4 29. Bf6 Nxf3+ 30. gxf3 Rxf6 31. exf6 c3 (31... Bf8 32. Ng5
Nd5 33. Nf7 $18) 32. g7 $18) 26. Qh5 $1 Be4 (26... Bb4 27. Bxf8 Bxf8 28. exf6
$18) 27. Bxf8 (27. Bg7 Bxg6 28. Qxg6 Qe8 29. Qh6 $18) 27... Bxf8 28. exf6 Nc1
29. Ne5 (29. f7+ Kg7 30. Qe5+ Kxg6 31. Qg5+ Kxf7 32. Ne5+ Ke8 33. Bh5+ Qf7 34.
Bxf7#) 29... Nxe2+ 30. Kh2 Nxd4 31. Nxd7 1-0

[Event "Vidmar Memorial 15th"]
[Site "Terme Zrece"]
[Date "2003.08.18"]
[Round "1"]
[White "Mikhalchishin, Adrian"]
[Black "Sermek, Drazen"]
[Result "1/2-1/2"]
[WhiteElo "2518"]
[BlackElo "2577"]
[Annotator "Huzman,A"]
[PlyCount "45"]
[EventDate "2003.08.17"]
[EventType "tourn"]
[EventRounds "9"]
[EventCountry "SLO"]
[EventCategory "12"]
[SourceTitle "CBM 097"]
[Source "ChessBase"]
[SourceDate "2003.11.11"]
[SourceVersion "1"]
[SourceVersionDate "2003.11.11"]
[SourceQuality "1"]

1. d4 d5 2. c4 dxc4 3. Nf3 c5 4. d5 e6 5. Nc3 Nf6 6. e4 exd5 7. e5 Nfd7 8. Bg5
Be7 9. Bxe7 Qxe7 10. Nxd5 Qd8 11. Qc2 Nb6 12. O-O-O Nxd5 13. Bxc4 Qe7 (13...
Be6 14. Bxd5 Bxd5 (14... Qe7 15. Bxe6 Qxe6 16. Qxc5 $18 {Lukacs,P-Pekarek,A/
Polanica Zdroj 1986/Inf 42 (22)}) 15. Qxc5 Na6 16. Qxd5 Qc8+ 17. Kb1 O-O 18.
Qe4 h6 19. Nd4 Nc5 20. Qc2 $18 {1-0 Kasparov,G-Diani,J/Cordoba 1992/EXT 98 (52)
}) 14. Bxd5 ({Continuation} 14. Rxd5 {is a good alternative for White.} O-O $5
(14... Nc6 15. Rxc5 (15. Bb5 Be6 16. Rxc5 O-O 17. Bxc6 bxc6 $44 {1-0 Szabolcsi,
J-Raupp,T/Baden 1998/EXT 2002 (41)} (17... bxc6 $44)) 15... O-O 16. Qc3 Bf5 17.
b3 Rac8 18. Kb2 Nb4 $44 {0-1 Filippov,V-Ovetchkin,R/Moscow 2002/CBM 88/[Huzman]
(39)}) 15. h4 (15. Bd3 $1 Na6 16. a3 $36) 15... Nc6 (15... Bg4 16. Ng5 g6 17.
Ne4 Bf5 18. h5 $40 {1-0 Beck,H-Zoebisch,H/Oberwart 1999/EXT 2000 (25)}) 16. Qe4
Be6 17. Ng5 g6 18. Nxe6 fxe6 19. Rd6 Nd4 20. Rd1 Kh8 (20... b5 21. R1xd4 cxd4
22. Bxe6+ Kh8 23. Qxd4 $16 {Hodgson,J-Duncan,C/Dublin zt (02)/1993/1-0 (45)}) (
20... Rxf2 21. Kb1 Kh8 22. h5 gxh5 23. Bb5 Rf7 24. Rd7 Qf8 25. Qxb7 Rxd7 26.
Qxd7 Rd8 $15 {1-0 Van Wely,L-Overeem,M/Haarlem 1995/EXT 98 (54)}) 21. Rd2 Rad8
22. Rxd8 Rxd8 23. g3 a5 $15 {Averkin,O-Mirkovic,S/Beograd/1992/1-0 (36)} (23...
b5 $5 24. Bf1 Rd5 25. Qe3 Kg7 26. Bg2 Rd7 27. Be4 a5 28. h5 $36 {Kohlweyer,
B-Sermek,D/Bad Woerishofen op (09)/1993/1-0 (40)})) 14... O-O (14... Nc6 15.
Bxc6+ bxc6 16. Rd6 Be6 (16... O-O 17. Qxc5 Rb8 18. Kb1 Bf5+ 19. Ka1 Rb5 20.
Qxc6 Rfb8 21. Rd2 Qb4 22. Qd6 $16 {Kohlweyer,B-Lekic,D/JUG-chT Nis/1994/1-0 
(42)}) 17. Qxc5 O-O 18. Rxc6 Qb7 19. Kb1 Rab8 20. Qc3 Rfd8 21. Rc7 Qa6 22. a3
Rd3 23. Rxa7 Qb6 {0-1 Hynes,K-Ryan,J/Kilkenny 1997/CBM 61 ext (23)}) 15. h4 (
15. Kb1 Na6 16. a3 Nc7 17. Be4 h6 18. Rc1 Ne6 19. Rhd1 Rb8 20. g3 b5 21. Nh4 b4
$132 {0-1 Van Wely,L-Spangenberg,H/Buenos Aires 1995/CBM 49/[Baburin] (49)}) (
15. Rhe1 Na6 16. a3 Rb8 17. Re3 b5 18. Qe2 Rb6 19. Nd2 Nc7 20. Ba2 Be6 21. Bxe6
Nxe6 $15 {0-1 Urosevic,M-Savic,M/Obrenovac 2002/CBM 86 ext (41)}) 15... Na6 (
15... Nc6 16. Bxc6 bxc6 17. Rd6 Rb8 18. Ng5 g6 19. Qxc5 Qb7 20. Qc3 Bf5 21. h5
$16 {Barsov,A-Kamber,B/Bern op (08)/1994/1-0 (44)}) (15... h6 16. Qe4 Nc6 17.
Kb1 Re8 18. Bxc6 bxc6 19. Rd2 Rb8 20. Rhd1 Qc7 21. Rc1 Qa5 22. Qe3 Be6 23. a3
Rb5 $40 {0-1 Rawlings,A-Mackintosh,I/SCCA 2001 (36)}) 16. Ng5 (16. a3 Bg4 17.
Qe4 Bxf3 18. gxf3 Rab8 19. f4 c4 $1 20. Bxc4 Nc5 21. Qe2 b5 22. Bd5 b4 $44 {
0-1 Cramling,P-Brunner,L/Horgen 1995/CBM 50/[Ftacnik] (27)}) 16... g6 17. Qc4 (
{White have good attacking possibilities after} 17. Qc3 Nb4 (17... Bf5 18. a3
Nc7 19. Be4 Nb5 20. Qg3 Kh8 21. h5 Nd4 22. Rxd4 cxd4 23. hxg6 $18 {1-0 Najer,
E-Batsanin,D/Togliatti RUS 2003/(31)}) 18. a3 Nxd5 19. Rxd5 Bf5 20. g4 Bd7 21.
Ne4 $36 {Cramling,P-Blauert,J/Bern op (05)/1995/0.5 (39)}) 17... Nc7 18. f4
Nxd5 19. Qxd5 Bf5 $1 {[%mdl 8] This strong move neutralises dangerous transfer
of Ng5 to e4 and stops Kc1 in the zone of attack.} (19... Bg4 20. Qd6 Qxd6 21.
Rxd6 Rad8 22. Ne4 Kg7 23. Re1 b6 24. Re3 Bf5 25. Rxd8 Rxd8 26. Nd6 Be6 27. Rd3
Rf8 28. b3 f6 $11 {1/2-1/2 Polajzer,D-Sermek,D/Ptuj 1995/EXT 2000 (40)}) 20.
Ne4 (20. h5 {This move was very risky because after} Rad8 21. Qf3 Rd4 $1 22.
hxg6 (22. b3 Rfd8 23. hxg6 Bxg6 $15) 22... Rc4+ 23. Kd2 Bxg6 $36 {threats for
Kd2 is more real than for Kg8.}) 20... Bxe4 (20... Rad8 $2 21. Nd6 $16) 21.
Qxe4 Rad8 22. h5 Qe6 $11 23. Kb1 (23. Kb1 Rxd1+ 24. Rxd1 Qg4 25. Rc1 Qxh5 26.
Rxc5 Rd8 $132) (23. hxg6 fxg6 $11) 1/2-1/2

[Event "EU-chT (Men) 11th"]
[Site "Pula"]
[Date "1997.05.??"]
[Round "6.4"]
[White "Estremera Panos, Sergio"]
[Black "Degerman, Lars"]
[Result "1/2-1/2"]
[WhiteElo "2430"]
[BlackElo "2480"]
[Annotator "Huzman,A"]
[PlyCount "40"]
[EventDate "1997.05.05"]
[EventType "team-swiss"]
[EventRounds "9"]
[EventCountry "CRO"]
[SourceTitle "CBM 057 Extra"]
[Source "ChessBase"]
[SourceDate "1997.05.01"]
[SourceVersion "1"]
[SourceVersionDate "1997.05.01"]
[SourceQuality "1"]
[WhiteTeam "Spain"]
[BlackTeam "Sweden"]
[WhiteTeamCountry "ESP"]
[BlackTeamCountry "SWE"]

1. d4 d5 2. Nf3 Nf6 3. c4 dxc4 4. Nc3 a6 5. e4 b5 6. e5 Nd5 7. a4 e6 8. axb5
Bb4 9. Qc2 Nb6 10. Qe4 Qd5 11. Qg4 axb5 12. Rxa8 Qxa8 13. Qxg7 Bxc3+ (13... Rf8
14. Be2 {[%cal Yf3g5,Yg5h7]}) 14. bxc3 Qa1 15. Qxh8+ Kd7 16. Kd2 (16. Kd1 Qa4+
17. Ke2 Qc2+ 18. Nd2 Nd5 19. Qf8 Nxc3+ 20. Kf3 Qxc1 21. Qxf7+ Kc6 $44) 16...
Qa2+ 17. Ke1 Qb1 18. Kd2 Qa2+ 19. Ke1 Qb1 20. Kd2 Qa2+ 1/2-1/2

[Event "POL-ch 62nd"]
[Site "Poznan"]
[Date "2005.05.01"]
[Round "10"]
[White "Wojtaszek, Radoslaw"]
[Black "Markowski, Tomasz"]
[Result "1/2-1/2"]
[WhiteElo "2569"]
[BlackElo "2560"]
[Annotator "Huzman,A"]
[PlyCount "77"]
[EventDate "2005.04.21"]
[EventType "tourn"]
[EventRounds "13"]
[EventCountry "POL"]
[EventCategory "12"]
[SourceTitle "CBM 107"]
[Source "ChessBase"]
[SourceDate "2005.08.01"]
[SourceVersion "1"]
[SourceVersionDate "2005.08.01"]
[SourceQuality "1"]

1. d4 d5 2. Nf3 Nf6 3. c4 dxc4 4. Nc3 e6 5. e4 Bb4 6. e5 Nd5 7. Bd2 Nb6 8. Bg5
(8. a3 Bxc3 (8... Be7 9. Na4 (9. Ne4 Bd7 10. Be2 Bc6 11. Qc2 Bd5 12. O-O Qd7
13. Be3 Qa4 14. Qb1 Qc6 15. Ned2 Qd7 16. Rc1 Nc6 17. Nxc4 Nxc4 18. Bxc4 O-O 19.
Bxd5 Qxd5 $11 {0-1 Abdulla,A-Dydyshko,V/Istanbul 2000/EXT 2001 (50)}) (9. Bxc4
$6 Nxc4 10. Qa4+ Bd7 11. Qxc4 Bc6 12. O-O O-O 13. Ne1 Nd7 14. f4 Nb6 $17 {
Bykhovsky,A-Chekhov,V/Irkutsk 36/(460) 1983/[Chekhov,V] (16)}) (9. Be3 Nc6 10.
Na4 Na5 11. Nxb6 axb6 12. Nd2 O-O 13. Nxc4 Qd5 14. Rc1 Bd7 15. Nxa5 Qxa5+ 16.
Bd2 Qd5 17. Rxc7 Qxd4 18. Be2 Bc5 19. O-O Ba4 20. b3 Bxb3 21. Qxb3 Qxd2 $17 {
0-1 Kahn,E-Almasi,I/HUN tt2 2000-1 2001/Magyar Versenyek 2001 (35)}) 9... Nc6
10. Bc3 Qd5 11. Nxb6 axb6 12. Be2 O-O 13. O-O Rd8 14. Qc1 Bd7 15. Qf4 Be8 16.
Rad1 b5 $17 {1/2-1/2 Grooten,H-Mikhalchishin,A/Sas van Gent 1990/EXT 99 (18)})
9. bxc3 Bd7 10. Ng5 h6 11. Qh5 Rf8 12. Ne4 Bc6 13. f3 N8d7 14. Qg4 Qe7 15. Qxg7
Bxe4 16. fxe4 Qh4+ 17. Kd1 Qxe4 18. Qxh6 Na4 $40 {0-1 Konopka,M-Gyimesi,Z/
Hungary 1994/TD (39)}) (8. Qc2 Bd7 9. Bg5 f6 10. exf6 gxf6 11. Bh4 Ba4 12. Qd2
Qe7 13. Be2 N8d7 14. O-O O-O-O 15. b3 Bc6 16. Qc2 Qg7 17. Bg3 h5 $17 {0-1
Drazic,S-Nikolic,S/Kladovo 1996/EXT 2000 (55)}) (8. Ne4 Bxd2+ (8... Be7 9. Bc3
Bd7 (9... Qd5 10. Ned2 (10. Nfd2 Bd7 11. Qg4 Bf8 12. Be2 Bc6 13. Bf3 Qd8 14.
O-O N8d7 15. a4 h5 16. Qh3 Nxa4 17. Nxc4 Nab6 18. Na5 Bd5 19. Rfd1 Rb8 20. b4
c6 21. Nc5 $44 {0-1 Jakubowski,K-Maksimenko,A/Krynica 1998/EXT 2002 (44)})
10... Bd7 11. Be2 c5 12. O-O Nc6 13. dxc5 Bxc5 14. Qc2 Nb4 15. Bxb4 Bxb4 16.
Nxc4 Rc8 17. Rac1 $11 {1/2-1/2 Bagirov,V-Maksimenko,A/Germany 1996/EXT 98 (25)}
) 10. Nfd2 Bc6 11. Qg4 O-O 12. h4 Bd5 13. Rh3 f5 14. exf6 Bxf6 15. O-O-O Nc6
$17 {1-0 Miralles,G-Polgar,Z/Cannes 1987/TD (42)}) (8... Qd5 9. Bxb4 Qxe4+ 10.
Be2 Nd5 11. Bd2 b5 12. a4 c6 13. O-O h6 14. Re1 Qg6 15. axb5 cxb5 16. b3 c3 17.
Bc1 b4 18. Bd3 Qh5 19. h3 $44 {1-0 Nueesch,G-Peredy,F/Basel 2000/CBM 74 ext 
(46)}) 9. Qxd2 Bd7 10. Be2 Bc6 11. Nc3 O-O 12. Ng5 h6 13. h4 Qe7 14. O-O-O N8d7
15. Rh2 Rad8 16. Qe3 Nd5 17. Nxd5 Bxd5 18. Kb1 Qb4 19. Rc1 Nb6 20. Bf3 {
0-1 Jurin,N-Krueger,T/corr 6-7 ICCF CUP-sf 1994 (20)}) (8. Be2 Nc6 (8... Bd7 9.
h4 Bc6 10. Rh3 Na6 11. Rg3 g6 12. a4 Bxf3 13. Bxf3 c6 14. Bg5 Be7 15. Ne4 Bxg5
16. Nd6+ Kf8 17. hxg5 $44 {1-0 Divljan,I-Wang,D/Toronto CAN 2004/The Week in
Chess 511 (31)}) 9. Be3 O-O 10. Qc2 Be7 11. a3 Na5 12. Rd1 Nd5 13. Bc1 Bd7 14.
h4 f5 15. exf6 gxf6 16. Bh6 $44 {1/2-1/2 Schroll,G-Rabiega,R/Jenbach AUT 2004/
The Week in Chess 489 (46)}) (8. h4 Nc6 9. a3 Be7 10. Be3 Na5 11. Nd2 O-O 12.
Qc2 f5 13. exf6 Bxf6 14. Rd1 Bd7 15. Nde4 Nd5 16. Bg5 Bc6 17. Nxf6+ Nxf6 18. f3
Qd6 $17 {0-1 Bareev,E-Mikhalchishin,A/Tallinn 1988/EXT 2000 (26)}) 8... Qd5 (
8... Be7 9. Bxe7 (9. h4 Nc6 10. Be2 h6 11. Be3 Nb4 12. Rh3 N4d5 13. Bd2 Nxc3
14. bxc3 Bd7 15. Rg3 g6 16. Qc1 h5 17. Ng5 Bc6 18. Qc2 Bxg5 19. Bxg5 Qd7 20.
Rb1 $44 {1-0 Rajkovic,D-Pilgaard,K/Backa Palanka 2002/CBM 88 ext (49)}) 9...
Qxe7 10. Be2 Bd7 11. O-O Bc6 12. Nd2 Bd5 13. Bf3 Nc6 14. Bxd5 exd5 15. Qg4 O-O
16. Nf3 Nd8 17. Nh4 Qe6 18. Nf5 g6 19. Nh6+ Kg7 20. Qh4 f5 $17 {1-0 Gelfand,
B-Inkiov,V/Haifa 1989/EU-chT (35)}) 9. Be2 Bd7 (9... h6 10. Be3 Bxc3+ 11. bxc3
Bd7 12. h4 Ba4 13. Qc1 Bc6 14. Rh3 Qa5 15. Rg3 g6 16. Kf1 h5 17. Ng5 N8d7 18.
Qc2 Nf8 19. a4 Rd8 20. Bc1 Rd7 21. Ba3 Qxa4 22. Qc1 Qb5 23. Bxf8 Rxf8 24. Nh7
$16 {1-0 Forster,R-Hoelzl,F/Bled 2002/EXT 2003 (46)}) 10. O-O Bxc3 (10... Qa5
11. Qc2 (11. Nd2 Bxc3 12. bxc3 Qxc3 13. Ne4 Qb2 $13) 11... h6 12. Bd2 Bc6 $11)
11. bxc3 Bc6 12. Qc1 {[%cal Gc1a3,Ga3f8]} h6 13. Bh4 O-O 14. Be7 Re8 15. Ba3
N8d7 16. Re1 Qb5 $6 (16... Na4 $5 {To my opinion Black had to keep pressure on
the big diagonal.} 17. Nh4 (17. Bf1 b5 18. Nd2 Ndb6 19. Re3 Qd8 20. Rg3 Kh8 (
20... a5 21. Nxc4 $1 Nxc4 22. Qxh6 g6 23. Rh3 $18) (20... Qh4 21. Be2 a5) 21.
Rb1 a5 $15) 17... Ndb6 18. Bf3 Qd7 $17) 17. Rb1 Qa6 18. Nd2 Bd5 19. Bh5 Nf8 20.
f3 $1 {[%cal Gd2e4]} Nbd7 21. Ne4 $44 Nh7 22. Bb4 Bxe4 $5 (22... Qa4 $5) 23.
fxe4 ({Piece attack on the king's side was a good option for White.} 23. Rxe4
$5 {[%cal Ge4g4]} Ng5 (23... c5 24. dxc5 Rec8 25. Qd2 Qc6 26. Qe3 Nxc5 27. Rxc4
b6 28. Rg4 $36) (23... b6 24. Rg4 $16) (23... g6 24. Rg4 c5 25. Qxh6 (25. Bxc5
Nxc5 26. dxc5 Kh8 27. Bxg6 fxg6 28. Qxh6 Re7 $15) 25... Re7 26. Bxc5 Nxc5 27.
dxc5 Qxa2 28. Re1 Qc2 $13) 24. Rg4 g6 25. h4 $40) 23... c5 $1 $132 24. Ba3 (24.
Bxc5 Nxc5 25. dxc5 Re7 $15 {[%csl Rc5,Re4,Re5]}) 24... Rac8 25. Rf1 Rf8 26. Qb2
b6 27. Rbd1 (27. Rf2 $1 f6 28. Bg4 Rfe8 29. Bh5 $11) 27... Qa4 (27... b5 $1 28.
Rf2 Ng5 $15) 28. Qc1 (28. Rd2 f6 29. Bd1 Qc6 30. d5 Qc7 31. Bg4 Ng5 $17) 28...
b5 29. Bxc5 Nxc5 30. dxc5 b4 (30... Qxa2 31. Rd7 Ng5 32. Qf4 $36) 31. Rd4 (31.
Qf4 Rc7 $17) 31... bxc3 (31... Rxc5 32. Bxf7+ Rxf7 33. Rd8+ Rf8 34. Rfxf8+ Nxf8
35. Qf4 Kh7 36. Qxf8 Rxe5 37. h4 Qc6 38. cxb4 Qxe4 39. Qg8+ Kg6 40. Qe8+ Kf5
41. Qf7+ Kg4 42. Qxg7+ Kh5 43. Qf7+ Kxh4 44. Qf6+ Kg4 45. Qg7+ Rg5 46. Rd4 $11)
32. Qxc3 Rxc5 33. Bxf7+ Rxf7 34. Rd8+ Nf8 ({Black could fight for advantage by
} 34... Rf8 35. Rfxf8+ Nxf8 36. Qf3 Kh7 37. Qxf8 Rxe5 38. h4 (38. Qg8+ Kg6 39.
Rd6 Qb5 40. Rxe6+ Rxe6 41. Qxe6+ Kh7 42. Kf2 c3 43. Qc8 Qe5 44. Ke3 Qxh2 45.
Qf5+ Kg8 46. Qc8+ Kf7 47. Qc4+ (47. Qd7+ Kf6 48. Qc6+ Kg5 $17) 47... Ke7 48.
Qxc3 Qg3+ 49. Kd4 Qxc3+ 50. Kxc3 Ke6 51. Kd4 h5 52. a4 a5 53. Kc4 g5 54. Kd3 h4
55. Ke3 g4 56. Kf4 h3 57. gxh3 gxh3 58. Kg3 $11) 38... Qc6 39. Qg8+ Kg6 40. Rc8
Qd7 41. Rxc4 Qd1+ 42. Kf2 Qg4 $17) 35. Rxf7 Kxf7 36. Qf3+ Kg6 37. h4 $1 $11 Qa5
$1 (37... Qxa2 $2 38. h5+ Kg5 39. Rxf8 Qb3 (39... Qa1+ 40. Kh2 Qxe5+ 41. Kh3
$18) 40. Qf4+ Kxh5 41. Qf7+ g6 42. Qf2 $1 Qd1+ 43. Kh2 Rxe5 44. Rf4 $18) 38.
h5+ Kh7 (38... Kg5 39. Qg3+ Kxh5 40. Rxf8 Rxe5 41. Qf3+ Kg6 42. Qf7+ Kh7 43.
Qg8+ $11) 39. Qxf8 (39. Qxf8 Qe1+ 40. Kh2 Qh4+ 41. Kg1 $11) 1/2-1/2